Guns N' Roses - Appetite for Destruction Songs - Statistics

General Stats
  • This quiz has been taken 45 times
  • The average score is 9 of 12
Answer Stats
Length Song % Correct
4:31 Welcome to the Jungle
97%
6:46 Paradise City
94%
3:46 Mr. Brownstone
90%
5:55 Sweet Child o' Mine
90%
3:39 My Michelle
84%
6:13 Rocket Queen
81%
3:21 It's So Easy
71%
4:26 Nightrain
71%
3:25 Anything Goes
61%
4:20 Out ta Get Me
61%
3:50 Think About You
61%
3:16 You're Crazy
52%
No matching quizzes found
Score Distribution
Percent of People with Each Score
Percentile by Number Answered
Your Score History
You have not taken this quiz